[Event "IECC Swiss-449.2"]
[Site "IECC email"]
[Date "2003.03.30"]
[Round "?"]
[White "Coppel, Ilvo"]
[Black "Parwicz, Witold"]
[Result "1/2-1/2"]
[WhiteElo "1302"]
[BlackElo "1840"]
[PlyCount "71"]
[EventDate "2003.??.??"]
[EventType "swiss (corr)"]
[EventRounds "1"]
[SourceTitle "Corr 2020"]
[Source "ChessBase"]
[SourceDate "2019.09.30"]
[SourceVersion "1"]
[SourceVersionDate "2019.09.30"]
[SourceQuality "1"]
[WhiteTeam "Sweden"]
[BlackTeam "Poland"]
[WhiteTeamCountry "SWE"]
[BlackTeamCountry "POL"]

1. d4 d5 2. c4 c6 3. Nc3 Nf6 4. Nf3 dxc4 5. a4 Bf5 6. Ne5 Nbd7 7. Nxc4 Qc7 8. g3 e5 9. dxe5 Nxe5 10. Bf4 Nfd7 11. Bg2 g5 12. Ne3 gxf4 13. Nxf5 0-0-0 14. Qc2 Ng4 15. Bh3 h5 16. f3 fxg3 17. hxg3 Qb6 18. a5 Qf2+ 19. Kd1 Bh6 20. f4 Kb8 21. Kc1 Ne3 22. Nxe3 Qxe3+ 23. Kb1 Qxg3 24. Ra4 Nc5 25. Rc4 Bf8 26. Rxc5 Bxc5 27. Ne4 Qxf4 28. Nxc5 Qe3 29. a6 b6 30. Nd3 Rd6 31. Bg4 h4 32. Qc4 Qe7 33. Bf3 Qf6 34. Nb4 Rh6 35. Ka1 Qe6 36. Qf4 1/2-1/2

[Event "IECC KO email"]
[Site "IECC email"]
[Date "2003.02.25"]
[Round "?"]
[White "Coppel, Ilvo"]
[Black "Krunski, Jan Maria"]
[Result "0-1"]
[WhiteElo "1378"]
[BlackElo "1588"]
[PlyCount "46"]
[EventDate "2003.??.??"]
[EventType "tourn (corr)"]
[EventRounds "6"]
[SourceTitle "Corr 2008"]
[Source "ChessBase"]
[SourceDate "2008.06.24"]
[SourceVersion "1"]
[SourceVersionDate "2008.06.24"]
[SourceQuality "1"]

1. d4 d5 2. Bg5 Nf6 3. Bxf6 exf6 4. e3 Bf5 5. Bd3 Bxd3 6. Qxd3 Nc6 7. Ne2 Bd6 8. a3 Ne7 9. 0-0 0-0 10. Nd2 Qb8 11. c4 c6 12. cxd5 Bxh2+ 13. Kh1 Bd6 14. dxc6 bxc6 15. Ne4 f5 16. Nxd6 Qxd6 17. f4 Qh6+ 18. Kg1 Rfe8 19. Rf3 Qe6 20. b4 a5 21. bxa5 Rxa5 22. a4 Rea8 23. Nc3 Nd5 0-1

[Event "IECC TH-M email"]
[Site "IECC email"]
[Date "2003.02.11"]
[Round "?"]
[White "Coppel, Ilvo"]
[Black "Johnson, Bernard S"]
[Result "0-1"]
[WhiteElo "1336"]
[BlackElo "1654"]
[PlyCount "58"]
[EventDate "2003.??.??"]
[EventType "match (corr)"]
[EventRounds "2"]
[SourceTitle "Corr 2008"]
[Source "ChessBase"]
[SourceDate "2008.06.24"]
[SourceVersion "1"]
[SourceVersionDate "2008.06.24"]
[SourceQuality "1"]

1. e4 e5 2. Nf3 Nc6 3. Bb5 f5 4. Nc3 fxe4 5. Nxe4 Nf6 6. Qe2 a6 7. Bxc6 dxc6 8. d4 Nxe4 9. Qxe4 Be7 10. 0-0 0-0 11. Nxe5 Bf5 12. Qe2 Qxd4 13. Nxc6 bxc6 14. Qxe7 Bxc2 15. Qxc7 Bd3 16. Be3 Qxb2 17. Rfd1 Rac8 18. Qd6 Bc4 19. Qd4 Qxd4 20. Rxd4 Bd5 21. Ra4 Ra8 22. Rb1 Rfb8 23. Rxb8+ Rxb8 24. h3 Ra8 25. f3 Kf7 26. Bc5 g5 27. a3 h5 28. h4 gxh4 29. Rxh4 Rb8 0-1

[Event "IECC KO email"]
[Site "IECC email"]
[Date "2002.10.20"]
[Round "?"]
[White "Coppel, Ilvo"]
[Black "Ondo, Bob"]
[Result "0-1"]
[WhiteElo "1388"]
[BlackElo "1815"]
[PlyCount "52"]
[EventDate "2002.??.??"]
[EventType "tourn (corr)"]
[EventRounds "6"]
[SourceTitle "Corr 2008"]
[Source "ChessBase"]
[SourceDate "2008.06.24"]
[SourceVersion "1"]
[SourceVersionDate "2008.06.24"]
[SourceQuality "1"]

1. d4 Nf6 2. c4 e6 3. Nf3 d5 4. Nc3 c6 5. Bg5 dxc4 6. e4 b5 7. e5 h6 8. Bh4 g5 9. Nxg5 hxg5 10. Bxg5 Be7 11. exf6 Bxf6 12. Be3 Qa5 13. Qf3 Be7 14. Be2 Bb7 15. 0-0 Nd7 16. Ne4 c5 17. dxc5 Qc7 18. Qg3 Qxg3 19. Nxg3 Bxc5 20. Bxc5 Nxc5 21. Rac1 Rc8 22. Rfd1 Ke7 23. f3 a5 24. Rd4 Rhd8 25. Rxd8 Rxd8 26. Nf1 Kf6 0-1

[Event "IECC KO email"]
[Site "IECC email"]
[Date "2002.10.13"]
[Round "?"]
[White "Coppel, Ilvo"]
[Black "Melo, Olavo"]
[Result "0-1"]
[WhiteElo "1389"]
[BlackElo "1252"]
[PlyCount "48"]
[EventDate "2002.??.??"]
[EventType "tourn (corr)"]
[EventRounds "6"]
[SourceTitle "Corr 2008"]
[Source "ChessBase"]
[SourceDate "2008.06.24"]
[SourceVersion "1"]
[SourceVersionDate "2008.06.24"]
[SourceQuality "1"]

1. d4 Nf6 2. c4 g6 3. Nc3 d5 4. cxd5 Nxd5 5. e4 Nxc3 6. bxc3 Bg7 7. Nf3 c5 8. Rb1 0-0 9. Be2 cxd4 10. cxd4 Qa5+ 11. Qd2 Qxd2+ 12. Bxd2 b6 13. 0-0 Bb7 14. d5 Ba6 15. Bxa6 Nxa6 16. Be3 Rfe8 17. Rfd1 Rac8 18. Nd4 Bxd4 19. Rxd4 Nc5 20. f3 Rc7 21. Kf2 Rec8 22. Bf4 Rd7 23. Ke3 Kg7 24. Bh6+ Kxh6 0-1

[Event "IECC KO email"]
[Site "IECC email"]
[Date "2002.09.02"]
[Round "?"]
[White "Patterson, Eddie"]
[Black "Coppel, Ilvo"]
[Result "1/2-1/2"]
[WhiteElo "1070"]
[BlackElo "1256"]
[PlyCount "65"]
[EventDate "2002.??.??"]
[EventType "tourn (corr)"]
[EventRounds "6"]
[SourceTitle "Corr 2008"]
[Source "ChessBase"]
[SourceDate "2008.06.24"]
[SourceVersion "1"]
[SourceVersionDate "2008.06.24"]
[SourceQuality "1"]

1. c4 c6 2. Nc3 d5 3. cxd5 cxd5 4. d4 Nc6 5. Nf3 Nf6 6. Bf4 Bf5 7. e3 a6 8. Be2 e6 9. 0-0 Bd6 10. Bxd6 Qxd6 11. Nh4 0-0 12. Nxf5 exf5 13. Bd3 f4 14. Qf3 Rfe8 15. Rad1 fxe3 16. fxe3 b5 17. Qh3 h6 18. Rf3 b4 19. Rdf1 Qe6 20. Bf5 Qe7 21. Rg3 Kh8 22. Rff3 Nxd4 23. exd4 bxc3 24. Rxg7 Qe1+ 25. Rf1 Qd2 26. Rxf7 Re1 27. Qxc3 Rxf1+ 28. Kxf1 Qf4+ 29. Qf3 Qc1+ 30. Kf2 Re8 31. Kg3 Qe1+ 32. Kh3 Re3 33. Rxf6 1/2-1/2

[Event "IECC Swiss email"]
[Site "IECC email"]
[Date "2002.08.26"]
[Round "?"]
[White "Coppel, Ilvo"]
[Black "Bako, Thomas"]
[Result "1-0"]
[WhiteElo "1249"]
[BlackElo "1671"]
[PlyCount "37"]
[EventDate "2002.??.??"]
[EventType "tourn (corr)"]
[EventRounds "6"]
[SourceTitle "Corr 2008"]
[Source "ChessBase"]
[SourceDate "2008.06.24"]
[SourceVersion "1"]
[SourceVersionDate "2008.06.24"]
[SourceQuality "1"]

1. e4 c5 2. Nc3 Nc6 3. g3 d6 4. Bg2 g6 5. d3 Bg7 6. Nge2 e5 7. Nd5 Nge7 8. c3 Nxd5 9. exd5 Ne7 10. 0-0 0-0 11. f4 Bd7 12. fxe5 Bxe5 13. Bg5 Bg4 14. Qd2 Qd7 15. Rae1 Rae8 16. Bh6 Bg7 17. Bxg7 Kxg7 18. Nf4 Nf5 19. Qf2 1-0

[Event "IECC CL7-2002.19"]
[Site "IECC email"]
[Date "2002.08.20"]
[Round "?"]
[White "Coppel, Ilvo"]
[Black "Bell, Patricia"]
[Result "1-0"]
[WhiteElo "1198"]
[BlackElo "1060"]
[PlyCount "65"]
[EventDate "2002.??.??"]
[EventType "tourn (corr)"]
[EventRounds "4"]
[SourceTitle "Corr 2008"]
[Source "ChessBase"]
[SourceDate "2008.06.24"]
[SourceVersion "1"]
[SourceVersionDate "2008.06.24"]
[SourceQuality "1"]

1. d4 d5 2. c4 c6 3. Nc3 Nf6 4. e3 g6 5. Nf3 Bg4 6. cxd5 cxd5 7. Qb3 Qc7 8. Nxd5 Nxd5 9. Qxd5 e6 10. Qb3 Bd6 11. Nd2 Nc6 12. h3 Bf5 13. e4 Nxd4 14. Qa4+ Nc6 15. exf5 exf5 16. Be2 0-0 17. 0-0 a6 18. Nf3 Rfe8 19. Re1 Re4 20. Qd1 Bf8 21. Bd2 Nb4 22. Rc1 Qd7 23. Qb3 a5 24. a4 Rae8 25. Bb5 Nc6 26. Qc2 Bb4 27. Bxb4 axb4 28. Red1 Qc8 29. a5 Qb8 30. a6 R8e7 31. axb7 Nd8 32. Rxd8+ Qxd8 33. Qc8 1-0

[Event "IECC CL7-2002.19"]
[Site "IECC email"]
[Date "2002.08.20"]
[Round "?"]
[White "Jensen, Jeff"]
[Black "Coppel, Ilvo"]
[Result "0-1"]
[WhiteElo "1200"]
[BlackElo "1239"]
[PlyCount "48"]
[EventDate "2002.??.??"]
[EventType "tourn (corr)"]
[EventRounds "4"]
[SourceTitle "Corr 2008"]
[Source "ChessBase"]
[SourceDate "2008.06.24"]
[SourceVersion "1"]
[SourceVersionDate "2008.06.24"]
[SourceQuality "1"]

1. e4 e5 2. Nf3 Nc6 3. Bb5 f5 4. Nc3 fxe4 5. Nxe4 Nf6 6. Qe2 d5 7. Nxf6+ gxf6 8. d4 Bg7 9. dxe5 0-0 10. 0-0 Nxe5 11. Nxe5 fxe5 12. Rd1 c6 13. Ba4 Qh4 14. Bb3 a5 15. a3 a4 16. Ba2 Bg4 17. f3 Bf5 18. Be3 e4 19. Bf2 Qh5 20. c4 exf3 21. gxf3 Rae8 22. Qd2 Qxf3 23. Bd4 Bxd4+ 24. Qxd4 Re2 0-1

[Event "IECC Swiss email"]
[Site "IECC email"]
[Date "2002.08.11"]
[Round "?"]
[White "Kowalski, Boleslaw"]
[Black "Coppel, Ilvo"]
[Result "1/2-1/2"]
[WhiteElo "1696"]
[BlackElo "1278"]
[PlyCount "92"]
[EventDate "2002.??.??"]
[EventType "tourn (corr)"]
[EventRounds "6"]
[SourceTitle "Corr 2008"]
[Source "ChessBase"]
[SourceDate "2008.06.24"]
[SourceVersion "1"]
[SourceVersionDate "2008.06.24"]
[SourceQuality "1"]

1. d4 d6 2. e4 Nf6 3. Nc3 g6 4. f4 Bg7 5. Nf3 c5 6. Bb5+ Bd7 7. Bxd7+ Nbxd7 8. e5 Nh5 9. Be3 0-0 10. 0-0 Bh6 11. g3 Ng7 12. Bf2 Ne6 13. d5 Nc7 14. Qd3 Bg7 15. Rfe1 b5 16. Rab1 Nb6 17. b4 dxe5 18. Bxc5 Nbxd5 19. Nxd5 Qxd5 20. Nxe5 Rfc8 21. Bxe7 f6 22. Nf3 Qxa2 23. Rbd1 f5 24. Qd7 Qc4 25. Bd6 Ne8 26. Ne5 Bxe5 27. Bxe5 Qc6 28. Qe7 Qb6+ 29. Bd4 Qd6 30. Qb7 Nc7 31. Be5 Qb6+ 32. Qxb6 axb6 33. c3 Ne8 34. Rd5 Rc6 35. Rxb5 Nd6 36. Rd5 Nc4 37. b5 Re6 38. Rd7 Rae8 39. Rg7+ Kh8 40. Re7+ Kg8 41. Rb7 R6e7 42. Rxe7 Rxe7 43. Kf2 Kf7 44. Bd4 Ra7 45. Ke2 Re7+ 46. Kf1 Ra7 1/2-1/2

[Event "IECC KO email"]
[Site "IECC email"]
[Date "2002.08.03"]
[Round "?"]
[White "Coppel, Ilvo"]
[Black "Jonsson, Gudbrandur"]
[Result "1-0"]
[WhiteElo "1152"]
[BlackElo "1613"]
[PlyCount "83"]
[EventDate "2002.??.??"]
[EventType "tourn (corr)"]
[EventRounds "6"]
[SourceTitle "Corr 2008"]
[Source "ChessBase"]
[SourceDate "2008.06.24"]
[SourceVersion "1"]
[SourceVersionDate "2008.06.24"]
[SourceQuality "1"]

1. e4 e5 2. Nf3 Nc6 3. Bb5 a6 4. Bxc6 dxc6 5. Nc3 Bg4 6. d3 Qf6 7. Be3 Be7 8. h3 Bxf3 9. Qxf3 Qxf3 10. gxf3 Nf6 11. f4 exf4 12. Bxf4 0-0-0 13. 0-0-0 Bc5 14. Rhg1 Bxf2 15. Rxg7 Nh5 16. Rg2 Bd4 17. Bd2 Rhg8 18. Rxg8 Rxg8 19. Rf1 Bf6 20. b3 Rg6 21. Ne2 Rg2 22. Rf5 Rxe2 23. Rxh5 Rg2 24. e5 Bh8 25. Bc3 Rg7 26. Bd4 c5 27. Bxc5 b6 28. Be3 Kd7 29. d4 Ke7 30. d5 Rg6 31. c4 Bg7 32. Kc2 Rg2+ 33. Kd3 Rxa2 34. Bd4 Ra3 35. d6+ Kd8 36. Rxh7 Rxb3+ 37. Ke4 Rg3 38. dxc7+ Kxc7 39. e6 Kd8 40. exf7 Bf8 41. Bxb6+ Kd7 42. Bc5 1-0

[Event "IECC KO email"]
[Site "IECC email"]
[Date "2002.08.03"]
[Round "?"]
[White "Jonsson, Gudbrandur"]
[Black "Coppel, Ilvo"]
[Result "1-0"]
[WhiteElo "1564"]
[BlackElo "1130"]
[PlyCount "49"]
[EventDate "2002.??.??"]
[EventType "tourn (corr)"]
[EventRounds "6"]
[SourceTitle "Corr 2008"]
[Source "ChessBase"]
[SourceDate "2008.06.24"]
[SourceVersion "1"]
[SourceVersionDate "2008.06.24"]
[SourceQuality "1"]

1. d4 Nf6 2. Nf3 e6 3. Bg5 b6 4. e4 h6 5. Bxf6 Qxf6 6. Bd3 Bb7 7. 0-0 c5 8. Na3 cxd4 9. Nb5 Qd8 10. Nbxd4 Na6 11. Qe2 Nc5 12. Rad1 a6 13. Nb3 Qf6 14. c3 Be7 15. Nxc5 Bxc5 16. a4 Qf4 17. Rfe1 0-0 18. Bc4 Rfd8 19. Nd4 Be7 20. f3 Qc7 21. g3 Qc5 22. Kg2 Bf6 23. h3 Qxc4 24. Qxc4 Be5 25. Qb4 1-0

[Event "IECC O email"]
[Site "IECC email"]
[Date "2002.07.17"]
[Round "?"]
[White "Worthington, Craig"]
[Black "Coppel, Ilvo"]
[Result "0-1"]
[WhiteElo "923"]
[BlackElo "1098"]
[PlyCount "42"]
[EventDate "2002.??.??"]
[EventType "tourn (corr)"]
[EventRounds "6"]
[SourceTitle "Corr 2008"]
[Source "ChessBase"]
[SourceDate "2008.06.24"]
[SourceVersion "1"]
[SourceVersionDate "2008.06.24"]
[SourceQuality "1"]

1. h4 d6 2. a4 e5 3. e4 f5 4. d3 Be7 5. Nf3 Nc6 6. Na3 Nf6 7. Rh3 fxe4 8. dxe4 Bxh3 9. gxh3 Nxe4 10. Nb5 a6 11. Na3 d5 12. Nb1 Bxh4 13. Nc3 Nxf2 14. Qe2 0-0 15. a5 Nd4 16. Qxe5 Nxf3+ 17. Ke2 Nxe5 18. Ra4 d4 19. b3 dxc3 20. Ke3 Rf3+ 21. Ke2 Qd1# 0-1

[Event "IECC TH-M email"]
[Site "IECC email"]
[Date "2002.07.16"]
[Round "?"]
[White "Coppel, Ilvo"]
[Black "Quinlan, Terrence"]
[Result "1-0"]
[WhiteElo "1298"]
[BlackElo "1229"]
[PlyCount "45"]
[EventDate "2002.??.??"]
[EventType "match (corr)"]
[EventRounds "2"]
[SourceTitle "Corr 2008"]
[Source "ChessBase"]
[SourceDate "2008.06.24"]
[SourceVersion "1"]
[SourceVersionDate "2008.06.24"]
[SourceQuality "1"]

1. e4 d6 2. d4 Nf6 3. Nc3 g6 4. Bg5 Bg7 5. h3 h6 6. Bh4 d5 7. Bxf6 exf6 8. exd5 0-0 9. Nf3 Qe7+ 10. Be2 c5 11. 0-0 Bd7 12. Re1 Qd6 13. Ne4 Qc7 14. Nxc5 Qb6 15. c4 Qxb2 16. Rb1 Qxa2 17. Nxb7 Re8 18. Nc5 f5 19. Rxb8 Raxb8 20. Nxd7 Rb2 21. Bd3 Rxe1+ 22. Qxe1 Rxf2 23. Qxf2 1-0

[Event "IECC M email"]
[Site "IECC email"]
[Date "2002.07.07"]
[Round "?"]
[White "Garcia, Sonny T"]
[Black "Coppel, Ilvo"]
[Result "0-1"]
[WhiteElo "1192"]
[BlackElo "993"]
[PlyCount "22"]
[EventDate "2002.??.??"]
[EventType "tourn (corr)"]
[EventRounds "6"]
[SourceTitle "Corr 2008"]
[Source "ChessBase"]
[SourceDate "2008.06.24"]
[SourceVersion "1"]
[SourceVersionDate "2008.06.24"]
[SourceQuality "1"]

1. e4 e5 2. Nf3 Nf6 3. Nxe5 d6 4. Nxf7 Kxf7 5. d4 Be7 6. Qf3 Re8 7. e5 dxe5 8. dxe5 Bb4+ 9. c3 Rxe5+ 10. Be2 Bg4 11. Qxb7 Rxe2+ 0-1

[Event "IECC CL8-2002.07"]
[Site "IECC email"]
[Date "2002.06.27"]
[Round "?"]
[White "Griffiths, John"]
[Black "Coppel, Ilvo"]
[Result "1-0"]
[WhiteElo "1115"]
[BlackElo "1277"]
[PlyCount "59"]
[EventDate "2002.??.??"]
[EventType "tourn (corr)"]
[EventRounds "4"]
[SourceTitle "Corr 2008"]
[Source "ChessBase"]
[SourceDate "2008.06.24"]
[SourceVersion "1"]
[SourceVersionDate "2008.06.24"]
[SourceQuality "1"]

1. e4 Nf6 2. e5 Nd5 3. c4 Nb6 4. d4 d6 5. exd6 exd6 6. Be2 c6 7. Nf3 Be7 8. 0-0 0-0 9. Nc3 Bg4 10. b3 N8d7 11. Re1 Re8 12. Bb2 Nf6 13. Qc2 d5 14. c5 Nbd7 15. Rad1 Qc7 16. Rd3 Bf5 17. Ne5 Qxe5 18. dxe5 Nxe5 19. Na4 Nxd3 20. Bxd3 Bxd3 21. Qxd3 Bxc5 22. Rxe8+ Rxe8 23. g3 Re1+ 24. Kg2 Be7 25. Bxf6 Bxf6 26. Nc5 Re7 27. Qf5 Rc7 28. Nxb7 Be7 29. Na5 Bd6 30. b4 1-0

[Event "SEMI B030 email"]
[Site "SEMI email"]
[Date "2002.06.15"]
[Round "?"]
[White "Coppel, Ilvo"]
[Black "Cudazzo, Fabrizio"]
[Result "1/2-1/2"]
[WhiteElo "1500"]
[BlackElo "1600"]
[PlyCount "90"]
[EventDate "2002.06.15"]
[EventType "tourn (corr)"]
[EventRounds "6"]
[EventCountry "ITA"]
[SourceTitle "Corr 2008"]
[Source "ChessBase"]
[SourceDate "2008.06.24"]
[SourceVersion "1"]
[SourceVersionDate "2008.06.24"]
[SourceQuality "1"]

1. d4 c5 2. d5 f5 3. c4 Nf6 4. Nc3 g6 5. Nf3 Bg7 6. e3 d6 7. Bd3 0-0 8. 0-0 Na6 9. e4 fxe4 10. Nxe4 Nc7 11. Re1 a6 12. Rb1 b5 13. Nxf6+ Rxf6 14. b3 Bg4 15. Be4 Qf8 16. h3 Bd7 17. Qd3 Rb8 18. Bd2 b4 19. Bg5 Rf7 20. Bd2 a5 21. Ng5 Rf6 22. f4 h6 23. Nf3 Bf5 24. Nh4 Qf7 25. g4 Bxe4 26. Rxe4 Rf8 27. Rbe1 e5 28. f5 g5 29. Ng6 Rxg6 30. fxg6 Qxg6 31. Rf1 Rxf1+ 32. Kxf1 Ne8 33. Kg2 Nf6 34. Re3 Qxd3 35. Rxd3 Kf7 36. Rf3 Kg6 37. Re3 Nd7 38. Rg3 Nf6 39. Kf3 Kf7 40. Rg1 Kg6 41. Ke2 Nd7 42. Rf1 Nf6 43. a4 Kh7 44. Rg1 Kg6 45. Rg2 Nd7 1/2-1/2

[Event "SEMI B030 email"]
[Site "SEMI email"]
[Date "2002.06.15"]
[Round "?"]
[White "Coppel, Ilvo"]
[Black "Raiteri, Enrico"]
[Result "0-1"]
[WhiteElo "1500"]
[BlackElo "1000"]
[PlyCount "86"]
[EventDate "2002.06.15"]
[EventType "tourn (corr)"]
[EventRounds "6"]
[EventCountry "ITA"]
[SourceTitle "Corr 2008"]
[Source "ChessBase"]
[SourceDate "2008.06.24"]
[SourceVersion "1"]
[SourceVersionDate "2008.06.24"]
[SourceQuality "1"]

1. e4 c5 2. Nf3 Nc6 3. b4 cxb4 4. a3 d5 5. exd5 Qxd5 6. axb4 Bg4 7. Nc3 Qe6+ 8. Be2 Bxf3 9. gxf3 Nf6 10. Nb5 Rc8 11. Nxa7 Nd4 12. h3 Nxc2+ 13. Kf1 Nxa1 14. Nxc8 Qb3 15. b5 Nc2 16. Nb6 Nd4 17. Qxb3 Nxb3 18. Bb2 e6 19. Nc4 Bc5 20. Rg1 Bd4 21. Ba3 g6 22. Bd1 Nc5 23. Rg5 Ncd7 24. Nd6+ Kf8 25. Nxb7+ Kg7 26. Bd6 Ra8 27. Bb3 Bb6 28. Bf4 Ra3 29. Bd1 Ra2 30. Be3 Ra1 31. Ke2 h6 32. Rg1 Rb1 33. Nd6 Bc7 34. Ne4 Rxb5 35. Ba4 Rb4 36. Ra1 Be5 37. Ra2 Nb6 38. Nxf6 Bxf6 39. Be8 Nc8 40. f4 Rc4 41. Bb5 Rc1 42. Kf3 Nd6 43. Bd3 Rc8 0-1

[Event "SEMI B030 email"]
[Site "SEMI email"]
[Date "2002.06.15"]
[Round "?"]
[White "La Carrubba, Daniele"]
[Black "Coppel, Ilvo"]
[Result "0-1"]
[WhiteElo "1250"]
[BlackElo "1500"]
[PlyCount "38"]
[EventDate "2002.06.15"]
[EventType "tourn (corr)"]
[EventRounds "6"]
[EventCountry "ITA"]
[SourceTitle "Corr 2008"]
[Source "ChessBase"]
[SourceDate "2008.06.24"]
[SourceVersion "1"]
[SourceVersionDate "2008.06.24"]
[SourceQuality "1"]

1. d4 Nf6 2. Bg5 Ne4 3. Bh4 c5 4. f3 g5 5. Bg3 Nxg3 6. hxg3 Qc7 7. Rh3 Qb6 8. Nc3 cxd4 9. Na4 Qa5+ 10. c3 Nc6 11. Kf2 b5 12. Nc5 dxc3 13. Nb3 Qb6+ 14. e3 cxb2 15. Rb1 f5 16. Rxb2 Bg7 17. Re2 a5 18. Rd2 f4 19. Rd3 Nb4 0-1

[Event "IECC CL8-2002.06"]
[Site "IECC email"]
[Date "2002.05.18"]
[Round "?"]
[White "Coppel, Ilvo"]
[Black "Aalto, Pekka"]
[Result "1-0"]
[WhiteElo "1087"]
[BlackElo "1028"]
[PlyCount "56"]
[EventDate "2002.??.??"]
[EventType "tourn (corr)"]
[EventRounds "4"]
[SourceTitle "Corr 2008"]
[Source "ChessBase"]
[SourceDate "2008.06.24"]
[SourceVersion "1"]
[SourceVersionDate "2008.06.24"]
[SourceQuality "1"]

1. e4 e6 2. d4 d5 3. Nd2 Nc6 4. Ngf3 Be7 5. e5 Nh6 6. c3 f5 7. a3 0-0 8. Bd3 b6 9. b4 a5 10. b5 Na7 11. a4 Bd7 12. 0-0 Be8 13. Re1 Bh5 14. Nf1 Nf7 15. c4 Bxf3 16. Qxf3 Bg5 17. cxd5 Qxd5 18. Qxd5 exd5 19. e6 Bxc1 20. exf7+ Rxf7 21. Raxc1 g6 22. Ne3 Rd8 23. Be2 Nc8 24. f4 Rdd7 25. h4 Rf6 26. Nxd5 Rfd6 27. Nxc7 Rxd4 28. Ne6 Rxa4 1-0

[Event "IECC CL8-2002.06"]
[Site "IECC email"]
[Date "2002.05.18"]
[Round "?"]
[White "Lopriore, Nunzio"]
[Black "Coppel, Ilvo"]
[Result "0-1"]
[WhiteElo "1083"]
[BlackElo "1274"]
[PlyCount "48"]
[EventDate "2002.??.??"]
[EventType "tourn (corr)"]
[EventRounds "4"]
[SourceTitle "Corr 2008"]
[Source "ChessBase"]
[SourceDate "2008.06.24"]
[SourceVersion "1"]
[SourceVersionDate "2008.06.24"]
[SourceQuality "1"]

1. d4 d5 2. Nc3 Nf6 3. Nf3 e6 4. Ne5 Nbd7 5. Bf4 Bb4 6. Qd3 Ne4 7. f3 Nxc3 8. bxc3 Bd6 9. c4 dxc4 10. Qxc4 Nb6 11. Qb5+ c6 12. Nxc6 bxc6 13. Qxc6+ Ke7 14. e3 Bxf4 15. exf4 Qxd4 16. Rd1 Qxf4 17. Qc5+ Kf6 18. Rd4 Qe3+ 19. Be2 Ba6 20. c4 Rhd8 21. f4 Qc3+ 22. Kf1 Qa1+ 23. Bd1 Bxc4+ 24. Ke1 Qc3+ 0-1